Inequality and social status in successive generations (Registro nro. 26967)
[ vista simple ]
| 000 -LEADER | |
|---|---|
| fixed length control field | 00374 a2200121 4500 |
| 001 - CONTROL NUMBER | |
| control field | ART_14640 |
| 005 - DATE AND TIME OF LATEST TRANSACTION | |
| control field | 20260410161913.0 |
| 008 - FIXED-LENGTH DATA ELEMENTS--GENERAL INFORMATION | |
| fixed length control field | 260409a |
| 100 1# - MAIN ENTRY--PERSONAL NAME | |
| Personal name | Theil, Henri |
| 245 10 - TITLE STATEMENT | |
| Title | Inequality and social status in successive generations |
| 700 1# - ADDED ENTRY--PERSONAL NAME | |
| Personal name | Stambaugh, Robert |
| 773 0# - HOST ITEM ENTRY | |
| Title | European economic review |
| Related parts | - Vol. 10, Nº 2 (nov. 1977) |
| Record control number | REV13346 |
No hay ítems disponibles.